Ortopedia y traumatología / (Registro nro. 23165)

Detalles MARC
000 -LEADER
fixed length control field 01112nam a2200313 4500
001 - CONTROL NUMBER
control field 0000020818
003 - CONTROL NUMBER IDENTIFIER
control field CO-CtgCURN
005 - DATE AND TIME OF LATEST TRANSACTION
control field 20260324151015.0
007 - PHYSICAL DESCRIPTION FIXED FIELD--GENERAL INFORMATION
fixed length control field ta
008 - FIXED-LENGTH DATA ELEMENTS--GENERAL INFORMATION
fixed length control field 160627s2003 000 0 eng d
020 ## - INTERNATIONAL STANDARD BOOK NUMBER
International Standard Book Number 9586556255
040 ## - CATALOGING SOURCE
Original cataloging agency CO-CtgCURN
Language of cataloging spa
Transcribing agency coctgcurn
082 0# - DEWEY DECIMAL CLASSIFICATION NUMBER
Classification number 617.3
Item number O78
245 00 - TITLE STATEMENT
Title Ortopedia y traumatología /
Statement of responsibility, etc. Jaime Acosta Montoya ... [et al.] , editores, Juan José Uribe Velasquez, Carlos Alberto Jaramillo Velez.
260 ## - PUBLICATION, DISTRIBUTION, ETC.
Place of publication, distribution, etc. Medellin :
Name of publisher, distributor, etc. Universidad de Antioquia,
Date of publication, distribution, etc. 2003.
300 ## - PHYSICAL DESCRIPTION
Extent xxvi, 576 p.
336 ## - CONTENT TYPE
Source rdacontent
337 ## - MEDIA TYPE
Source rdamedia
Media type term sin mediacion
Media type code n
338 ## - CARRIER TYPE
Source rdacarrier
Carrier type term volumen
Carrier type code nc
490 1# - SERIES STATEMENT
Series statement Yuluka. Medicina. Cirugia
504 ## - BIBLIOGRAPHY, ETC. NOTE
Bibliography, etc. note Incluye bibliografia.
505 8# - FORMATTED CONTENTS NOTE
Formatted contents note Generalidades.--Traumatología.--Ortopedia infantil y trauma en niños.--Temas de ortopedia general
590 ## - LOCAL NOTE (RLIN)
Local note Especialidades Médico-Quirúrgicas (Medicina)
650 14 - SUBJECT ADDED ENTRY--TOPICAL TERM
Topical term or geographic name entry element Ortopedia.
700 1# - ADDED ENTRY--PERSONAL NAME
Personal name Acosta Montoya, Jaime.
908 ## - PUT COMMAND PARAMETER (RLIN)
Put command parameter 160627
942 ## - ADDED ENTRY ELEMENTS (KOHA)
Koha item type Libros
Classification part 617.3
Item part O78
Source of classification or shelving scheme Dewey Decimal Classification
Existencias
Withdrawn status Lost status Source of classification or shelving scheme Damaged status Not for loan Collection Home library Current library Shelving location Date acquired Inventory number Total checkouts Full call number Barcode Date last seen Price effective from Koha item type Public note
    Dewey Decimal Classification     General Miguel Henríquez Emiliani Miguel Henríquez Emiliani General 03/31/2025 013427   617.3 O78 013427 03/31/2025 03/31/2025 Libros 610-CIENME